Reference guide to handbooks and animals (Record no. 3487)
[ view plain ]
| 000 -LEADER | |
|---|---|
| fixed length control field | 00622nam a22001817a 4500 |
| 005 - DATE AND TIME OF LATEST TRANSACTION | |
| control field | 2009091405575.0 |
| 008 - FIXED-LENGTH DATA ELEMENTS--GENERAL INFORMATION | |
| fixed length control field | 090914t xxu||||| |||| 00| 0 eng d |
| 080 ## - UNIVERSAL DECIMAL CLASSIFICATION NUMBER | |
| Universal Decimal Classification number | 658.3.001.85 |
| Item number | PFE |
| 100 ## - MAIN ENTRY--PERSONAL NAME | |
| Personal name | Pfeiffer, J. William |
| 245 ## - TITLE STATEMENT | |
| Title | Reference guide to handbooks and animals |
| 250 ## - EDITION STATEMENT | |
| Edition statement | 2nd ed. |
| 300 ## - PHYSICAL DESCRIPTION | |
| Extent | viii, 133 p. |
| 490 ## - SERIES STATEMENT | |
| Series statement | ( human relations training series) |
| 700 ## - ADDED ENTRY--PERSONAL NAME | |
| Personal name | Jones, John E. |
| 942 ## - ADDED ENTRY ELEMENTS (KOHA) | |
| item type | Reference |
| 260 ## - PUBLICATION, DISTRIBUTION, ETC. (IMPRINT) | |
| Place of publication, distribution, etc | California |
| Name of publisher, distributor, etc | University Associates |
| Date of publication, distribution, etc | 1977 |
| 260 ## - PUBLICATION, DISTRIBUTION, ETC. (IMPRINT) | |
| -- | 4138 |
| Lost status | Source of classification or shelving scheme | Not for loan | Home library | Current library | Date acquired | Total Checkouts | Full call number | Barcode | Date last seen | Price effective from | Koha item type |
|---|---|---|---|---|---|---|---|---|---|---|---|
| Universal Decimal Classification | University Library | University Library | 14/09/2009 | 658.3.001.85 PFE | 00015246 | 14/09/2009 | 14/09/2009 | Reference |
